000
00317nam a22001457a 4500
008
231124b ||||| |||| 00| 0 eng d
020
_a
0226525465
041
_a
eng
080
_a
159.9
082
_a
159.9MIL
100
_a
25
101
_a
PSI
245
_a
ESSAYS ON SEX EQUALITY
_c
MILL .S .J
942
_2
udc
_c
BK
999
_c
60535
_d
60535